000 00727nam a2200241 a 4500
001 13394
003 BD-JhCC
005 20230917092719.0
008 230916b20202021bg |||| ||a| 000 0 ben d
035 _a(BD-JhCC)13394
040 _aBD-JhCC
_dBD-JhCC
041 _abengali
082 _a297.63
_bJAL 2021
100 _aজালীস,মাহমুদুল হক
245 _aছোটদের নবীজি /
_cমাহমুদুল হক জালীস।
260 _aঢাকা:
_bআযান প্রকাশনী;
_c2021.
300 _a52 p. :
_c22 cm.
600 _aMuḥammad, Prophet,
_d570-632
650 _aBiography
650 _aJuvenile literature
942 _2ddc
_cBK
999 _c13394
_d13394